00395nam a2200097Ia 4500008004100000040002900041050003100070100002600101245013600127260003400263230222s9999||||xx |||||||||||||| ||und|| cChuka University Library aBSL THE HD 2341 bM88 2015 aMuturi, Lucy Nyambura 0aEffectiveness of competitive strategies on growth of service based small and medium enterprises: A case of SMEs in Embu town, Kenya aChuka UniversitybChukac2015